000 00320nam a22001457a 4500
008 210303b ||||| |||| 00| 0 eng d
020 _a9781285166230
041 _aeng
080 _a004
082 _a004
100 _a28
101 _aSHKI
245 _aMicrosoft Office 2013 Advanced
_cShelly, C
942 _2udc
_cBK
999 _c55677
_d55677